=LDR 00000nam 2200000 4500 =001 INLIS000000000008527 =005 20200812100547 =035 ##$$a 0010-061300000008527 =008 200812################g##########0#ind## =041 ##$$a Ind =082 ##$$a 2x5.1 =090 ##$$a 2x5.1, anu b =100 1#$$a Anuz, Farig Bin Gasim =245 1#$$a Bengkel Ahlak /$c Farig Bin Gasim Anuz =260 ##$$a Jakarta :$b Buku Islam Kaffah,$c 2002 =300 ##$$a 144 hlm. ; $c 18 x 12 cm. =650 #4$$a Ahlak =084 ##$$a 2x5.1 ANU b =250 ##$$a cet.1 =990 ##$$a 165.947/pb-2002 =990 ##$$a DW00025359 =990 ##$$a DW00025360 =990 ##$$a DW00025361